00545cam a22001577a 4500008004000000020001800040082002000058100001900078245010500097260002600202300001000228650003900238650003700277650003700314650003600351180718b2011 xxu||||| |||| 00| 0 eng d a9788121211338 aBA27x5414 M687h aMishra, Bijoya aHigher education of SC/ST girls in Orissa: a study of participation and attainmentcby Bijoya Mishra aNew DelhibGyanc2011 a298p. aEducation and state--India--Orissa aEducation, Higher--India--Orissa aDalits--Education--India--Orissa aGirls--Education--India--Orissa